Property litigation mini guide (Record no. 112195)

MARC details
000 -LEADER
fixed length control field 00990cad a22002175a 4500
001 - CONTROL NUMBER
control field E152747
008 - FIXED-LENGTH DATA ELEMENTS--GENERAL INFORMATION
fixed length control field 110419s2010 xxk f 000 0 eng d
035 ## - SYSTEM CONTROL NUMBER
System control number (Sirsi) u152747
041 0# - LANGUAGE CODE
Language code of text/sound track or separate title eng
110 2# - MAIN ENTRY--CORPORATE NAME
Corporate name or jurisdiction name as entry element McGrigors
9 (RLIN) 5941
245 00 - TITLE STATEMENT
Title Property litigation mini guide
Remainder of title property, insolvency and commercial tenants
Medium [electronic resource]
260 ## - PUBLICATION, DISTRIBUTION, ETC.
Place of publication, distribution, etc. [Scotland]
Name of publisher, distributor, etc. McGrigors
Date of publication, distribution, etc. 2010
490 #0 - SERIES STATEMENT
Series statement McGrigors Property Litigation Mini Guide
Volume/sequential designation (11) November 2010
520 ## - SUMMARY, ETC.
Summary, etc. Looks at issues that can arise in relation to insolvency of commercial tenants, and suggests possible solutions. Topics covered include hypothec, irritancy, adoption of the lease, and rent.
590 ## - LOCAL NOTE (RLIN)
Local note KA
651 #4 - SUBJECT ADDED ENTRY--GEOGRAPHIC NAME
Geographic name Scotland
Chronological subdivision 1999-
690 ## - LOCAL SUBJECT ADDED ENTRY--TOPICAL TERM (OCLC, RLIN)
Topical term or geographic name as entry element MANAGEMENT-CORPORATE RECOVERY
690 ## - LOCAL SUBJECT ADDED ENTRY--TOPICAL TERM (OCLC, RLIN)
Topical term or geographic name as entry element PROPERTY-COMMERCIAL PROPERTY-LEASEHOLD COMMERCIAL PROPERTY
856 40 - ELECTRONIC LOCATION AND ACCESS
Uniform Resource Identifier <a href="https://www.mcgrigors.com/pdfdocs/Property-Litigation-mini-guide11.pdf">https://www.mcgrigors.com/pdfdocs/Property-Litigation-mini-guide11.pdf</a>
Public note View the mini guide free of charge at www.mcgrigors.com
942 ## - ADDED ENTRY ELEMENTS (KOHA)
Suppress in OPAC 0
Holdings
Withdrawn status Lost status Source of classification or shelving scheme Damaged status Not for loan Home library Current library Shelving location Date acquired Total Checkouts Full call number Barcode Date last seen Copy number Price effective from Koha item type
    Dewey Decimal Classification     Virtual Virtual Online 19/04/2011   ONLINE PUBLICATION 152747-1001 06/08/2019 1 06/08/2019 Book